00284 a2200133 450000100060000002000180000604000220002410000190004624000260006524500210009130000080011236200090012065000210012961227 a9783190073382 cAnchieta - Pituba aKerner, Marion10aUnd jetzt íhr!lpor10aUnd jetzt íhr! a1850 a2015 4aLíngua alemã